000
00228 a2200097 4500
001
47292
100
_a
Nasution, A
245
_a
Fundamentals of Fuerrilla Warfare
260
_a
London
_b
Pall Mall Press
_c
090
_c
30332
_d
30332
942
_a
NUST-CAE
_c
M
_c
22595
999
_c
282365
_d
282365